Catálogo público

Normal view MARC view

Entry Nombre personal

Number of records used in: 7

001 - NÚMERO DE CONTROL

  • campo de control: 190689

003 - IDENTIFICADOR DEL NÚMERO DE CONTROL

  • campo de control: OSt

005 - FECHA Y HORA DE LA ÚLTIMA TRANSACCIÓN

  • campo de control: 20250619142240.0

008 - DATOS DE LONGITUD FIJA

  • campo de control de longitud fija: 250619|e|acz||aabn | a|a d

040 ## - FUENTE DE LA CATALOGACIÓN

  • Centro catalogador/agencia de origen: CHAP

100 1# - ENCABEZAMIENTO-NOMBRE DE PERSONA

  • Nombre de persona: Aguilar Valdez, Beatriz Cecilia